Frontières de l'Ukraine avec une carte vierge. - Statistiques

Statistiques générales
  • Ce quiz a été pris 13 569 fois
  • Le résultat moyen est 7 sur 7
Réponses sur la Carte
Les réponses sont colorées sur une échelle allant du rouge au vert en fonction du pourcentage des utilisateurs qui les ont devinées à leur premier essai. Vous pouvez retrouver ces pourcentages ci-dessous.
 
Statistiques - réponses
Pays % Correct
Russie
100%
Biélorussie
98%
Pologne
97%
Roumanie
96%
Hongrie
91%
Moldavie
90%
Slovaquie
89%
Aucun quiz correspondant
Distribution des résultats
% des personnes avec chaque résultat
Percentile par nombre de réponses
Votre historique - résultats
Vous n’avez pas pris ce quiz